00702 2200253 4500001002100000005001700021008004100038020002200079035002500101040001200126082001100138084001700149100002900166245003900195250001100234260003800245300004500283500003100328650002300359850001200382990001800394990001800412990001800430INLIS00000000001768820160218095535.0  a978-602-229-425-2 a0010-021600000000776 aYOPDYOG a001.42 a001.42 Sut M aSUTRISNO HADI, 1930-2008 aMetodologi risetc/ Sutrisno Hadi. aCet.2. aYogyakartabPustaka Pelajarc2015 axvi, 478 hlm.b: ilus.c; 23 cm [3 eks.] aBibliografi : hlm. 646-649 aPenelitian, Metode aYOPDYOG a26701-PD/B.15 a26702-PD/B.15 a26703-PD/B.15